000 00654nam a22002057a 4500
005 20170622120948.0
010 _aENG-118782
020 _a978812870004.
_c200.00
035 _aEN-102314
037 _bDBAD/PUB
082 _a305.8009541
245 _aGlobalization and ethnic identity /
_cedited by Henry Lalmawizuala [and] V. Lalmalsawmi
260 _aAssam
_bScientfic Book Centre
_c2014
270 _aHengrabari Housing Road,Dispur, Guwahati, Assam-781006
300 _axii,266p
_c22cm.(pbk)
500 _aIncludes Index
700 _aLalmawizuala, Henry
700 _aLalmalsawmi, V.
942 _2ddc
_cEN
_h305.8009541
_mGLO
999 _c141815
_d141815